Quelle ville de Haute-Garonne ? - Statistiques

Statistiques générales
  • Ce quiz a été pris 23 fois
  • Le résultat moyen est 10 sur 20
Statistiques - réponses
Quelle commune de Haute-Garonne... Lettre Ville % Correct
...possède la basilique Saint-Sernin, l’un des plus grands édifices romans d’Europe ? T Toulouse
100%
...abrite le siège d'une société aéronautique européenne majeure ? B Blagnac
95%
...fut construite en damier, et partage son nom avec un pays, une ville espagnole et un fruit ? G Grenade
75%
...est une sous-préfecture en quasi continuité urbaine avec la ville précédente ? M Muret
70%
...est une station thermale doublée d'une station de ski très connue des Pyrénées ? B Bagnères-de-Luchon
65%
...dispose d'un lac très fréquenté des touristes et porte un nom de seulement deux lettres identiques ? O
65%
...porte comme nom un prénom de 3 lettres, et est "célèbre" pour son camp d'internement ? N Noé
60%
...porte, à une lettre près, le nom d’un élément chimique ? C Carbonne
55%
...abrite une collégiale romane associée à la tradition d’un jeune berger martyr ? S Saint-Gaudens
50%
...est une Petite Cité de Caractère connue pour sa faïence et sa configuration circulaire ? M Martres-Tolosane
45%
...est associée à un village de marques fréquenté dans le Lauragais ? N Nailloux
45%
...conserve une cathédrale dans un ancien évêché du Volvestre ? R Rieux-Volvestre
45%
...est le seul Plus Beau Village de France du département, dominant le Comminges ? S Saint-Bertrand-de-Comminges
45%
...est une bastide nichée située près du lac de Saint-Ferréol dans le massif de la Montagne Noire ? R Revel
40%
...est l’origine d’un vignoble AOP s'étendant sur 4 200 hectares ? F Fronton
35%
...est marquée par le château de Valmirande et sa liaison ferroviaire vers la vallée de Luchon M Montréjeau
35%
...se situe au nord du département et est traversée par le Tarn ? V Villemur-sur-Tarn
30%
..est célèbre pour son eau thermale la plus minéralisée d'Europe, avec un taux de salinité très élevé ? S Salies-du-Salat
25%
...donne son nom au premier ail AOP de France, reconnaissable à sa couleur violette ? C Cadours
20%
...a donné son nom à une culture préhistorique découverte dans une grotte ? A Aurignac
15%
Aucun quiz correspondant
Distribution des résultats
% des personnes avec chaque résultat
Percentile par nombre de réponses
Votre historique - résultats
Vous n’avez pas pris ce quiz